000 00297nam a22001337a 4500
008 170502b xxu||||| |||| 00| 0 eng d
020 _a0030707528
041 _aeng
080 _24 ED
_a343.9
100 _a13
101 _aSHJ
245 _aCRIME AND CRIMINOLOGY
_cREID.S.T
942 _2udc
_cBK
999 _c12381
_d12381